000
00316 a2200109 4500
001
ART_41872
005
20260410162024.0
008
260409a
245
1
0
_a
Daños punitivos
100
1
_a
Irigoyen Testa, Matías
773
0
_t
Jurisprudencia Argentina
_g
Derecho y economía (mayo 2006)
_w
REV41622
999
_c
33350
_d
33350